Le triomphe de la science nouvelle (Record no. 25895)

MARC details
000 -LEADER
campo de control de longitud fija 00508nam a2200145 i 4500
001 - NÚMERO DE CONTROL
campo de control 25895
003 - IDENTIFICADOR DE NÚMERO DE CONTROL
campo de control ES-MaACL
005 - FECHA Y HORA DE LA ÚLTIMA TRANSACCIÓN
campo de control 20230906153341.0
007 - CAMPO FIJO DE DESCRIPCIÓN FÍSICA--INFORMACIÓN GENERAL
campo de control de longitud fija t|
008 - DATOS DE LONGITUD FIJA--INFORMACIÓN GENERAL
campo de control de longitud fija 030103s1905 sp ||||1| fre d
100 1# - ENTRADA PRINCIPAL--NOMBRE DE PERSONA
Nombre de persona Arnáiz, Ricardo Lucio.
9 (RLIN) 23021
245 13 - MENCIÓN DEL TÍTULO
Título Le triomphe de la science nouvelle
Resto del título : soi mecanique qui régule l'univers dans toutes ses manifestations /
Mención de responsabilidad, etc. Ricardo Lucio Arnáiz.
260 ## - PUBLICACIÓN, DISTRIBUCIÓN, ETC.
Lugar de publicación, distribución, etc. Madrid :
Nombre del editor, distribuidor, etc. [s.n.,
Fecha de publicación, distribución, etc. 1905] (
Fabricante Est. Tip. de los Hijos de R. Alvarez)
852 ## - LOCALIZACIÓN
Ubicación ES-MaACL
Número de control de estantería T-1230-F-13
Holdings
Estatus retirado Estado de pérdida Estado de daño No para préstamo Colección Biblioteca de origen Biblioteca actual Ubicación en estantería Fecha de adquisición Fuente de adquisición Total de préstamos Signatura topográfica completa Código de barras Visto por última vez Precio de reemplazo Tipo de ítem Koha
        Colección de folletos Biblioteca del Ateneo de Madrid Biblioteca del Ateneo de Madrid Depósito folletos 17/01/2008     T-1230-F-13 1026715 23/02/2023 23/02/2023 Folleto